[Event "34. Torneo Internacional La Roda"]
[Site "La Roda ESP"]
[Date "2007.04.06"]
[Round "5.1"]
[White "Khamrakulov, Ibragim S"]
[Black "Suba, Mihai"]
[Result "1-0"]
[WhiteElo "2545"]
[BlackElo "2537"]
[PlyCount "54"]
[EventDate "2007.04.04"]
[EventType "swiss"]
[EventRounds "9"]
[EventCountry "ESP"]
[Source "lmi"]
[SourceDate "2007.04.04"]

1. e4 e6 2. d4 d5 3. Nd2 dxe4 4. Nxe4 Bd7 5. Nf3 Bc6 6. Bd3 Nd7 7. O-O Ngf6 8.
Ng3 Be7 9. Re1 O-O 10. c3 Re8 11. Bc2 Bf8 12. Bg5 h6 13. Bf4 g6 14. Qd2 Bxf3
15. gxf3 h5 16. Bg5 Qb8 17. Ne4 Bg7 18. Kh1 c6 19. Rg1 Nxe4 20. fxe4 a5 21. f4
Nf8 22. Rg2 Qd6 23. f5 exf5 24. Bf4 Qf6 25. exf5 a4 26. Be5 Qd8 27. fxg6 fxg6
1-0

[Event "34. Torneo Internacional La Roda"]
[Site "La Roda ESP"]
[Date "2007.04.06"]
[Round "5.2"]
[White "Mirzoev, Azer"]
[Black "Petkov, Vladimir"]
[Result "0-1"]
[WhiteElo "2535"]
[BlackElo "2456"]
[PlyCount "92"]
[EventDate "2007.04.04"]
[EventType "swiss"]
[EventRounds "9"]
[EventCountry "ESP"]
[Source "lmi"]
[SourceDate "2007.04.04"]

1. Nf3 Nf6 2. c4 e6 3. Nc3 d5 4. d4 Bb4 5. Qa4+ Nc6 6. e3 O-O 7. Qc2 Re8 8. a3
Bxc3+ 9. Qxc3 e5 10. Nxe5 Ne4 11. Nxc6 bxc6 12. Qc2 Bf5 13. Bd3 Qg5 14. g3 Qg6
15. cxd5 Nxg3 16. hxg3 Bxd3 17. Qd1 cxd5 18. Bd2 Qe4 19. Rh2 c5 20. Bc3 c4 21.
Kd2 Rab8 22. Rh4 Qf5 23. Rf4 Qd7 24. b4 Rb6 25. Rh4 Rf6 26. Rh2 Bg6 27. Kc1 Qf5
28. Qd2 Qd7 29. Qd1 h6 30. Ra2 Ra6 31. a4 Rf6 32. Kb2 Be4 33. Ka1 Rf3 34. b5
Rb8 35. Qd2 Rf6 36. Ba5 a6 37. Bb4 axb5 38. a5 c3 39. Qxc3 Rc6 40. Bc5 b4 41.
Qb3 Ra6 42. f3 Bxf3 43. Kb2 Qb5 44. Bb6 Rc8 45. Ra4 Rc4 46. Rd2 Be4 0-1

[Event "34. Torneo Internacional La Roda"]
[Site "La Roda ESP"]
[Date "2007.04.06"]
[Round "5.3"]
[White "Fernandez Romero, Ernesto"]
[Black "Paunovic, Dragan"]
[Result "1/2-1/2"]
[WhiteElo "2437"]
[BlackElo "2524"]
[PlyCount "21"]
[EventDate "2007.04.04"]
[EventType "swiss"]
[EventRounds "9"]
[EventCountry "ESP"]
[Source "lmi"]
[SourceDate "2007.04.04"]

1. e4 d6 2. d4 Nf6 3. Nc3 e5 4. dxe5 dxe5 5. Qxd8+ Kxd8 6. Bc4 Ke8 7. Nf3 Bd6
8. Bg5 Nbd7 9. O-O-O a6 10. a4 h6 11. Bh4 1/2-1/2

[Event "34. Torneo Internacional La Roda"]
[Site "La Roda ESP"]
[Date "2007.04.06"]
[Round "5.5"]
[White "Bellon Lopez, Juan Manuel"]
[Black "Krivoshey, Sergei"]
[Result "1-0"]
[WhiteElo "2425"]
[BlackElo "2475"]
[PlyCount "74"]
[EventDate "2007.04.04"]
[EventType "swiss"]
[EventRounds "9"]
[EventCountry "ESP"]
[Source "lmi"]
[SourceDate "2007.04.04"]

1. d4 d5 2. c4 c6 3. Nf3 Nf6 4. Nc3 dxc4 5. a4 Bf5 6. Nh4 Bg4 7. h3 Bh5 8. g4
Bg6 9. Nxg6 hxg6 10. e3 e6 11. Bxc4 Bb4 12. Bd2 Nbd7 13. Ke2 Qe7 14. a5 e5 15.
g5 Nh7 16. d5 Nxg5 17. dxc6 bxc6 18. Qa4 O-O 19. h4 Ne6 20. Bxe6 Bxc3 21. Bxd7
Bxd2 22. Bxc6 Rad8 23. Rad1 Bb4 24. Rd5 Rxd5 25. Bxd5 Rd8 26. Rd1 Kh7 27. h5
gxh5 28. Be4+ f5 29. Rxd8 Qxd8 30. Qxb4 fxe4 31. Qxe4+ Kh6 32. Qxe5 Qd7 33.
Qf4+ Kg6 34. b4 Qb5+ 35. Kf3 Qf1 36. Qe4+ Kh6 37. Qe6+ g6 1-0

[Event "34. Torneo Internacional La Roda"]
[Site "La Roda ESP"]
[Date "2007.04.06"]
[Round "5.6"]
[White "Kozakov, Mikhail"]
[Black "Pogorelov, Ruslan"]
[Result "1-0"]
[WhiteElo "2415"]
[BlackElo "2462"]
[PlyCount "47"]
[EventDate "2007.04.04"]
[EventType "swiss"]
[EventRounds "9"]
[EventCountry "ESP"]
[Source "lmi"]
[SourceDate "2007.04.04"]

1. e4 c5 2. Nf3 Nc6 3. d4 cxd4 4. Nxd4 Qc7 5. Nc3 e6 6. Be2 a6 7. Be3 Nf6 8.
O-O Bb4 9. Na4 Be7 10. c4 Nxe4 11. Bf3 Nf6 12. c5 Nxd4 13. Bxd4 e5 14. Bxe5
Qxe5 15. Re1 Qb8 16. Nb6 Kd8 17. Nxa8 Qxa8 18. Rxe7 Qa7 19. Rxf7 Qxc5 20. Rc1
Qe5 21. Qc2 Qb8 22. Qc5 d6 23. Qg5 Re8 24. Rxg7 1-0

[Event "34. Torneo Internacional La Roda"]
[Site "La Roda ESP"]
[Date "2007.04.06"]
[Round "5.7"]
[White "Hernandez Carmenates, Holden"]
[Black "Kovacevic, Slobodan"]
[Result "1-0"]
[WhiteElo "2541"]
[BlackElo "2325"]
[PlyCount "81"]
[EventDate "2007.04.04"]
[EventType "swiss"]
[EventRounds "9"]
[EventCountry "ESP"]
[Source "lmi"]
[SourceDate "2007.04.04"]

1. Nf3 c5 2. c4 Nf6 3. g3 b6 4. Bg2 Bb7 5. O-O e6 6. Nc3 d6 7. b3 a6 8. Bb2 Be7
9. e3 Nbd7 10. d4 cxd4 11. Nxd4 Bxg2 12. Kxg2 Rc8 13. Qf3 Qc7 14. Rfd1 O-O 15.
Rac1 Rfe8 16. Qe2 Qb7+ 17. Qf3 Qc7 18. Kg1 Bf8 19. Qg2 Qb8 20. g4 h6 21. h4 g6
22. g5 hxg5 23. hxg5 Nh5 24. Ne4 Be7 25. Ne2 Nc5 26. Nf4 Nxf4 27. exf4 Nxe4 28.
Qxe4 e5 29. f5 Bxg5 30. fxg6 Re6 31. gxf7+ Kxf7 32. Qh7+ Kf6 33. Rc3 Rg8 34.
Rf3+ Bf4+ 35. Kh1 Rg4 36. Rg1 Rxg1+ 37. Kxg1 Kg5 38. Bc1 Qe8 39. Rg3+ Kf6 40.
Bxf4 exf4 41. Qg7+ 1-0

[Event "34. Torneo Internacional La Roda"]
[Site "La Roda ESP"]
[Date "2007.04.06"]
[Round "5.10"]
[White "Borges Mateos, Juan"]
[Black "Llavador Moron, Juan Jose"]
[Result "1-0"]
[WhiteElo "2482"]
[BlackElo "2202"]
[PlyCount "59"]
[EventDate "2007.04.04"]
[EventType "swiss"]
[EventRounds "9"]
[EventCountry "ESP"]
[Source "lmi"]
[SourceDate "2007.04.04"]

1. Nf3 Nf6 2. c4 g6 3. Nc3 Bg7 4. g3 O-O 5. Bg2 d6 6. d4 Nbd7 7. O-O e5 8. Qc2
c6 9. Rd1 Qc7 10. b3 Re8 11. e4 exd4 12. Nxd4 Ne5 13. h3 Qe7 14. Be3 Nh5 15.
Qe2 Bf6 16. Rd2 Ng7 17. Rad1 Rd8 18. f4 Nd7 19. Qf2 Ne8 20. Nde2 a5 21. c5 dxc5
22. e5 Bg7 23. Na4 b6 24. Nxb6 Nxb6 25. Rxd8 Nd5 26. Bxd5 cxd5 27. R1xd5 Be6
28. Rxa8 Bxd5 29. Bxc5 Qd7 30. Qd4 1-0

[Event "34. Torneo Internacional La Roda"]
[Site "La Roda ESP"]
[Date "2007.04.06"]
[Round "5.11"]
[White "Koziak, Vitali"]
[Black "Garcia Gata, Jorge D"]
[Result "1-0"]
[WhiteElo "2461"]
[BlackElo "2134"]
[PlyCount "73"]
[EventDate "2007.04.04"]
[EventType "swiss"]
[EventRounds "9"]
[EventCountry "ESP"]
[Source "lmi"]
[SourceDate "2007.04.04"]

1. Nf3 c5 2. c4 Nc6 3. b3 e5 4. d3 g6 5. Bb2 Bg7 6. Nbd2 Nge7 7. e3 O-O 8. Qc2
b6 9. a3 Bb7 10. Be2 Rc8 11. O-O d5 12. Rfe1 f5 13. Bf1 h6 14. cxd5 Nxd5 15.
Rad1 g5 16. Nc4 Qe7 17. e4 Nf4 18. exf5 Rxf5 19. d4 Nh3+ 20. gxh3 Rxf3 21. dxc5
Rcf8 22. cxb6 axb6 23. Nd6 Ba8 24. Rd2 g4 25. hxg4 Qh4 26. Bg2 Nd4 27. Bxd4
exd4 28. Nf5 Qxg4 29. Ne7+ Kh8 30. Ng6+ Kg8 31. Nxf8 Rc3 32. Qg6 Qxg2+ 33. Qxg2
Bxg2 34. Ne6 Bd5 35. Nxg7 Kxg7 36. Rxd4 Bxb3 37. Rg4+ 1-0

[Event "34. Torneo Internacional La Roda"]
[Site "La Roda ESP"]
[Date "2007.04.06"]
[Round "5.13"]
[White "Jimenez Martinez, Jose Vicente"]
[Black "Minzer, Claudio Javier"]
[Result "0-1"]
[WhiteElo "2202"]
[BlackElo "2414"]
[PlyCount "58"]
[EventDate "2007.04.04"]
[EventType "swiss"]
[EventRounds "9"]
[EventCountry "ESP"]
[Source "lmi"]
[SourceDate "2007.04.04"]

1. d4 Nf6 2. c4 c5 3. d5 b5 4. cxb5 a6 5. b6 Qxb6 6. Nc3 d6 7. e4 g6 8. Be2 Bg7
9. Nf3 Nbd7 10. O-O O-O 11. a4 Bb7 12. a5 Qc7 13. Nd2 e6 14. Nc4 Nxe4 15. Nxe4
exd5 16. Nexd6 Bc6 17. Nf5 gxf5 18. Ne3 Qe5 19. Bf3 Nf6 20. Qc2 Ne4 21. Ra3
Rfd8 22. g3 d4 23. Nc4 Qe6 24. Nb6 Ra7 25. Re1 Bb5 26. Be2 Nf6 27. Kf1 Re7 28.
Nc4 Qd5 29. f3 Rxe2 0-1

[Event "34. Torneo Internacional La Roda"]
[Site "La Roda ESP"]
[Date "2007.04.06"]
[Round "5.14"]
[White "Molina, Jorge"]
[Black "Dias, Paulo"]
[Result "0-1"]
[WhiteElo "2201"]
[BlackElo "2413"]
[PlyCount "128"]
[EventDate "2007.04.04"]
[EventType "swiss"]
[EventRounds "9"]
[EventCountry "ESP"]
[Source "lmi"]
[SourceDate "2007.04.04"]

1. d4 d5 2. Nf3 Nf6 3. c4 c6 4. Nc3 e6 5. cxd5 exd5 6. Bg5 Be7 7. Qc2 g6 8. e3
Bf5 9. Bd3 Bxd3 10. Qxd3 O-O 11. O-O Nbd7 12. Rab1 a5 13. Bxf6 Nxf6 14. Ne5 Re8
15. f4 Nd7 16. e4 Nf6 17. exd5 Nxd5 18. f5 Bf6 19. fxg6 hxg6 20. Nxd5 Bxe5 21.
dxe5 Qxd5 22. Qxd5 cxd5 23. Rfe1 Rac8 24. Re2 Re6 25. Rd1 Rc5 26. Kf2 Kf8 27.
Ke1 Ke7 28. Kd2 Rec6 29. Kd3 Rc1 30. Rdd2 R6c4 31. Re3 Ke6 32. Rf3 Kxe5 33.
Rxf7 Rd4+ 34. Ke2 Rxd2+ 35. Kxd2 Rg1 36. Rf2 Ke4 37. g3 g5 38. h4 Rxg3 39. hxg5
Rxg5 40. Rh2 Rg4 41. Rf2 a4 42. Rh2 Kd4 43. Rf2 Kc4 44. Rh2 b5 45. Kc2 Rg3 46.
Rd2 b4 47. b3+ axb3+ 48. axb3+ Rxb3 49. Rh2 Rg3 50. Kb2 d4 51. Rc2+ Rc3 52. Rh2
Re3 53. Rc2+ Kd3 54. Kb3 Re1 55. Rh2 Rb1+ 56. Ka2 Re1 57. Kb3 Re2 58. Rh1 Kd2
59. Kxb4 Kc2 60. Kc4 d3 61. Ra1 Re4+ 62. Kd5 Rh4 63. Ra2+ Kb3 64. Rh2 Kc3 0-1

[Event "34. Torneo Internacional La Roda"]
[Site "La Roda ESP"]
[Date "2007.04.06"]
[Round "5.15"]
[White "Pomes Marcet, Juan"]
[Black "Garcia Moreno, Carlos"]
[Result "1/2-1/2"]
[WhiteElo "2388"]
[BlackElo "2106"]
[PlyCount "72"]
[EventDate "2007.04.04"]
[EventType "swiss"]
[EventRounds "9"]
[EventCountry "ESP"]
[Source "lmi"]
[SourceDate "2007.04.04"]

1. d4 Nf6 2. c4 e6 3. Nc3 Bb4 4. e3 O-O 5. Nge2 d5 6. a3 Be7 7. Ng3 c5 8. dxc5
dxc4 9. Qc2 Nbd7 10. Bxc4 Bxc5 11. O-O a6 12. b4 Be7 13. Rd1 b5 14. Bd3 Bb7 15.
Bb2 Rc8 16. Rac1 Qb6 17. Qb1 Rfd8 18. Nce2 Rxc1 19. Rxc1 Rc8 20. Rd1 g6 21. Ne4
Nxe4 22. Bxe4 Nf6 23. Bxb7 Qxb7 24. Qa1 Nd5 25. Ng3 Rc4 26. e4 Nb6 27. Bh8 Bf8
28. Rd8 f5 29. exf5 exf5 30. h4 Rc8 31. Rxc8 Qxc8 32. h5 Qe6 33. hxg6 hxg6 34.
Bd4 Nc4 35. Qc1 Bg7 36. Bxg7 Kxg7 1/2-1/2

[Event "34. Torneo Internacional La Roda"]
[Site "La Roda ESP"]
[Date "2007.04.06"]
[Round "5.16"]
[White "Ivanov, Jordan"]
[Black "Pardo Simon, David"]
[Result "1-0"]
[WhiteElo "2381"]
[BlackElo "2074"]
[PlyCount "75"]
[EventDate "2007.04.04"]
[EventType "swiss"]
[EventRounds "9"]
[EventCountry "ESP"]
[Source "lmi"]
[SourceDate "2007.04.04"]

1. Nf3 Nf6 2. c4 e6 3. Nc3 b6 4. e4 d6 5. d4 Bb7 6. Bd3 c5 7. d5 e5 8. h3 g6 9.
g4 h5 10. g5 Nh7 11. Be3 Bc8 12. Qd2 Bg7 13. O-O-O O-O 14. Rdg1 a6 15. Nh4 Nd7
16. Qd1 Rb8 17. Be2 Re8 18. Bxh5 gxh5 19. Qxh5 Ndf8 20. Nf5 Ng6 21. h4 Bf8 22.
Nh6+ Bxh6 23. Qxh6 Nhf8 24. Ne2 b5 25. Ng3 Bg4 26. Nf5 Bxf5 27. exf5 Ne7 28. g6
f6 29. Rg5 Nxf5 30. Rxf5 Qe7 31. Rg1 Qg7 32. Qxg7+ Kxg7 33. h5 Nd7 34. h6+ Kh8
35. h7 Kg7 36. Rh5 bxc4 37. Bh6+ Kh8 38. Bf8 1-0

[Event "34. Torneo Internacional La Roda"]
[Site "La Roda ESP"]
[Date "2007.04.06"]
[Round "5.17"]
[White "Krug Cortegoso, Martin"]
[Black "Guerra Bastida, Diego"]
[Result "0-1"]
[WhiteElo "2099"]
[BlackElo "2371"]
[PlyCount "134"]
[EventDate "2007.04.04"]
[EventType "swiss"]
[EventRounds "9"]
[EventCountry "ESP"]
[Source "lmi"]
[SourceDate "2007.04.04"]

1. Nf3 Nf6 2. c4 e6 3. Nc3 Bb4 4. Qc2 b6 5. g3 Bb7 6. Bg2 O-O 7. O-O c5 8. a3
Bxc3 9. Qxc3 d6 10. d3 Nc6 11. b4 e5 12. e3 e4 13. Nd2 exd3 14. b5 Na5 15. Bxb7
Nxb7 16. e4 Ng4 17. h3 Qf6 18. Qxf6 Nxf6 19. Bb2 Rfe8 20. Bxf6 gxf6 21. g4 d5
22. exd5 Nd6 23. Rfd1 a6 24. bxa6 Rxa6 25. Rab1 b5 26. cxb5 Rxa3 27. Rbc1 Ra2
28. Rxc5 Rxd2 29. Rxd2 Ne4 30. Rxd3 Nxc5 31. Rc3 Nd7 32. Rc6 Rb8 33. Rc7 Nf8
34. Rc5 Rb6 35. Kf1 Kg7 36. Ke2 Nd7 37. Rc7 Rd6 38. Kd3 Nb6 39. Rc5 Nxd5 40.
Kc4 Nb6+ 41. Kb4 Kf8 42. Rh5 Ke7 43. Rxh7 Rd2 44. f3 Rb2+ 45. Kc5 Nd7+ 46. Kc6
Ne5+ 47. Kb6 Nxf3 48. Rh5 Ne5 49. Kc5 Rc2+ 50. Kd5 Rd2+ 51. Kc5 Ke6 52. Rf5
Rc2+ 53. Kb4 Rc1 54. Rh5 Kd5 55. Rf5 Rb1+ 56. Kc3 Ke6 57. Rh5 Rxb5 58. Kc2 Rb8
59. Kd2 Ng6 60. Ke3 Rb2 61. Rh7 Ne7 62. Kf4 Nd5+ 63. Ke4 Rf2 64. Rh8 Rf4+ 65.
Kd3 f5 66. g5 Ne7 67. h4 Ng6 0-1

[Event "34. Torneo Internacional La Roda"]
[Site "La Roda ESP"]
[Date "2007.04.06"]
[Round "5.18"]
[White "Rodrigo Yanguas, Maria"]
[Black "Antoli Royo, Joaquin Miguel"]
[Result "0-1"]
[WhiteElo "1969"]
[BlackElo "2356"]
[PlyCount "54"]
[EventDate "2007.04.04"]
[EventType "swiss"]
[EventRounds "9"]
[EventCountry "ESP"]
[Source "lmi"]
[SourceDate "2007.04.04"]

1. e4 Nf6 2. e5 Nd5 3. d4 d6 4. c4 Nb6 5. exd6 cxd6 6. Nc3 g6 7. Be3 Bg7 8. Rc1
O-O 9. b3 f5 10. f4 e5 11. dxe5 dxe5 12. Qxd8 Rxd8 13. fxe5 Nc6 14. Nf3 Nxe5
15. Nxe5 Bxe5 16. Be2 Re8 17. Kf2 f4 18. Bc5 Nd7 19. Bb4 Nf6 20. Bf3 Bd4+ 21.
Kf1 a5 22. Bd6 Bf5 23. Bxf4 Rad8 24. h3 Bd3+ 25. Ne2 Ne4 26. Rd1 Bxe2+ 27. Bxe2
Rf8 0-1

[Event "34. Torneo Internacional La Roda"]
[Site "La Roda ESP"]
[Date "2007.04.06"]
[Round "5.19"]
[White "Amoros Moran, Jose Joaquin"]
[Black "Castellanos, Renier"]
[Result "0-1"]
[WhiteElo "2039"]
[BlackElo "2471"]
[PlyCount "40"]
[EventDate "2007.04.04"]
[EventType "swiss"]
[EventRounds "9"]
[EventCountry "ESP"]
[Source "lmi"]
[SourceDate "2007.04.04"]

1. e4 c5 2. Nf3 d6 3. d4 cxd4 4. Nxd4 Nf6 5. Nc3 a6 6. Be3 e6 7. Qd2 b5 8. f3
Nbd7 9. a4 b4 10. Na2 d5 11. exd5 Nxd5 12. Bg5 Qc7 13. Be2 Bc5 14. c4 bxc3 15.
bxc3 Bb7 16. Bh4 O-O 17. Bf2 e5 18. Nf5 Bxf2+ 19. Kxf2 Qb6+ 20. Kg3 Qg6+ 0-1

[Event "34. Torneo Internacional La Roda"]
[Site "La Roda ESP"]
[Date "2007.04.06"]
[Round "5.20"]
[White "Sanchez Raboso, Vicente"]
[Black "Rizouk, Aimen"]
[Result "0-1"]
[WhiteElo "2122"]
[BlackElo "2484"]
[PlyCount "42"]
[EventDate "2007.04.04"]
[EventType "swiss"]
[EventRounds "9"]
[EventCountry "ESP"]
[Source "lmi"]
[SourceDate "2007.04.04"]

1. e4 c5 2. Nc3 d6 3. g3 Nc6 4. Bg2 g6 5. Nge2 Bg7 6. O-O e6 7. d3 Nge7 8. f4
O-O 9. g4 f5 10. g5 Rb8 11. Kh1 b6 12. a3 Bb7 13. Ng3 Qd7 14. Rb1 Nd4 15. Nce2
e5 16. c4 b5 17. Nc3 bxc4 18. dxc4 fxe4 19. Ncxe4 Nef5 20. Qg4 Rbe8 21. fxe5
Nxg3+ 0-1

[Event "34. Torneo Internacional La Roda"]
[Site "La Roda ESP"]
[Date "2007.04.07"]
[Round "6.1"]
[White "Bellon Lopez, Juan Manuel"]
[Black "Khamrakulov, Ibragim S"]
[Result "0-1"]
[WhiteElo "2425"]
[BlackElo "2545"]
[PlyCount "58"]
[EventDate "2007.04.04"]
[EventType "swiss"]
[EventRounds "9"]
[EventCountry "ESP"]
[Source "lmi"]
[SourceDate "2007.04.04"]

1. d4 e6 2. Nf3 c5 3. e3 Nf6 4. c4 cxd4 5. exd4 d5 6. Nc3 Be7 7. Be2 dxc4 8.
Bxc4 a6 9. a3 b5 10. Ba2 Bb7 11. O-O O-O 12. Bf4 Nd5 13. Nxd5 Bxd5 14. Bxd5
Qxd5 15. Bxb8 Raxb8 16. Rc1 Rfc8 17. Qd2 f6 18. h3 Bd6 19. Rxc8+ Rxc8 20. Rc1
Rc4 21. Rxc4 Qxc4 22. g3 Kf7 23. Nh2 Bc7 24. Qe3 Qc2 25. Qf3 Bd6 26. Qb7+ Be7
27. d5 Qd1+ 28. Nf1 Qxd5 29. Qxa6 Qb3 0-1

[Event "34. Torneo Internacional La Roda"]
[Site "La Roda ESP"]
[Date "2007.04.07"]
[Round "6.2"]
[White "Petkov, Vladimir"]
[Black "Kozakov, Mikhail"]
[Result "1-0"]
[WhiteElo "2456"]
[BlackElo "2415"]
[PlyCount "55"]
[EventDate "2007.04.04"]
[EventType "swiss"]
[EventRounds "9"]
[EventCountry "ESP"]
[Source "lmi"]
[SourceDate "2007.04.04"]

1. d4 Nf6 2. c4 g6 3. Nc3 d5 4. cxd5 Nxd5 5. Bd2 Bg7 6. e4 Nb6 7. Be3 O-O 8. h3
Nc6 9. Nf3 f5 10. exf5 Bxf5 11. Qb3+ Kh8 12. Rd1 Qd6 13. a3 a6 14. Bd3 Bxd3 15.
Rxd3 Rad8 16. Ne4 Qd5 17. Nc5 Nc4 18. O-O N6a5 19. Qc2 Nd6 20. Re1 Nf5 21. Bf4
Qc6 22. Qc3 Rf6 23. Be5 b6 24. Bxf6 Bxf6 25. Ne6 Rd7 26. Ne5 Bxe5 27. Rxe5 Nc4
28. Rxf5 1-0

[Event "34. Torneo Internacional La Roda"]
[Site "La Roda ESP"]
[Date "2007.04.07"]
[Round "6.3"]
[White "Saldano, Horacio"]
[Black "Hernandez Carmenates, Holden"]
[Result "1/2-1/2"]
[WhiteElo "2422"]
[BlackElo "2541"]
[PlyCount "119"]
[EventDate "2007.04.04"]
[EventType "swiss"]
[EventRounds "9"]
[EventCountry "ESP"]
[Source "lmi"]
[SourceDate "2007.04.04"]

1. c4 Nf6 2. Nc3 e5 3. Nf3 Nc6 4. g3 Bb4 5. Bg2 O-O 6. O-O e4 7. Ne1 Bxc3 8.
dxc3 h6 9. Nc2 Re8 10. Ne3 b6 11. Nd5 Bb7 12. b3 Ne5 13. f4 exf3 14. exf3 Bxd5
15. cxd5 Qe7 16. c4 Qc5+ 17. Kh1 c6 18. Bb2 cxd5 19. Bd4 Qa5 20. f4 Neg4 21.
Bxd5 Rac8 22. Bb7 Rb8 23. Bxf6 Nxf6 24. Bf3 Re3 25. Kg2 Rbe8 26. Qd4 h5 27. Rf2
Qf5 28. Rd1 h4 29. b4 Ng4 30. Qxd7 h3+ 31. Kg1 Re1+ 32. Rf1 Rxf1+ 33. Kxf1
Nxh2+ 34. Kf2 Qxd7 35. Rxd7 Nxf3 36. Kxf3 Re1 37. Rd8+ Kh7 38. Rd2 Rc1 39. Kg4
Rxc4 40. Rb2 h2 41. Rxh2+ Kg6 42. Rb2 f5+ 43. Kh3 Rc3 44. Rd2 Ra3 45. b5 Kh5
46. Rd5 g6 47. Rd8 Kh6 48. Rd2 Ra5 49. Rb2 Kh5 50. Rd2 g5 51. fxg5 Rxb5 52. a4
Rb3 53. a5 f4 54. axb6 axb6 55. Rf2 Rxg3+ 56. Kh2 Rxg5 57. Rxf4 Kg6 58. Kh3 b5
59. Kh4 Re5 60. Kg4 1/2-1/2

[Event "34. Torneo Internacional La Roda"]
[Site "La Roda ESP"]
[Date "2007.04.07"]
[Round "6.4"]
[White "Suba, Mihai"]
[Black "Fernandez Romero, Ernesto"]
[Result "1/2-1/2"]
[WhiteElo "2537"]
[BlackElo "2437"]
[PlyCount "91"]
[EventDate "2007.04.04"]
[EventType "swiss"]
[EventRounds "9"]
[EventCountry "ESP"]
[Source "lmi"]
[SourceDate "2007.04.04"]

1. Nf3 Nf6 2. c4 c6 3. Nc3 d5 4. e3 e6 5. b3 Nbd7 6. Qc2 Bd6 7. Bb2 O-O 8. Be2
Qe7 9. O-O dxc4 10. bxc4 e5 11. d4 e4 12. c5 Bc7 13. Nd2 Re8 14. Ba3 Nf8 15.
Nc4 Ng6 16. Rfb1 Nh4 17. Nd6 Bxd6 18. cxd6 Qe6 19. Bf1 Nf5 20. d5 Nxd5 21. Nxd5
Qxd5 22. Rd1 Qa5 23. d7 Bxd7 24. Rxd7 Qxa3 25. Rxb7 Nd6 26. Rd7 Rac8 27. Qb3
Qxb3 28. axb3 Nb5 29. Bc4 Rf8 30. g4 g6 31. Re7 Nd6 32. Raxa7 Kg7 33. Red7 Rcd8
34. g5 Nxc4 35. bxc4 Rxd7 36. Rxd7 Re8 37. Kg2 Re5 38. h4 Rc5 39. Rd4 Re5 40.
Kg3 h6 41. Kg4 hxg5 42. hxg5 Kf8 43. Rd6 Rc5 44. Rd4 Re5 45. Rd6 Rc5 46. Rd4
1/2-1/2

[Event "34. Torneo Internacional La Roda"]
[Site "La Roda ESP"]
[Date "2007.04.07"]
[Round "6.5"]
[White "Paunovic, Dragan"]
[Black "Koziak, Vitali"]
[Result "1-0"]
[WhiteElo "2524"]
[BlackElo "2461"]
[PlyCount "81"]
[EventDate "2007.04.04"]
[EventType "swiss"]
[EventRounds "9"]
[EventCountry "ESP"]
[Source "lmi"]
[SourceDate "2007.04.04"]

1. d4 Nf6 2. Nf3 g6 3. g3 Bg7 4. Bg2 O-O 5. c4 c6 6. Nc3 d5 7. cxd5 cxd5 8. Ne5
e6 9. Bg5 Qb6 10. Qd2 Nc6 11. Nxc6 bxc6 12. O-O Nd7 13. Rfd1 a5 14. b3 Ba6 15.
Rac1 Rfc8 16. e4 Bb5 17. Bh6 Nf6 18. h4 a4 19. Bxg7 Kxg7 20. b4 a3 21. Re1 Bc4
22. e5 Ne8 23. Rb1 h5 24. Bf3 Rcb8 25. Kg2 Qd8 26. Be2 Bxe2 27. Nxe2 Ra4 28.
Rb3 Rb6 29. Nf4 Kg8 30. Nd3 Ng7 31. Nc5 Ra7 32. Ree3 Nf5 33. Red3 Qb8 34. Kh3
Kg7 35. f3 Rb5 36. g4 hxg4+ 37. fxg4 Nh6 38. Rf3 Ra8 39. h5 gxh5 40. Qg5+ Kh7
41. Qxh5 1-0

[Event "34. Torneo Internacional La Roda"]
[Site "La Roda ESP"]
[Date "2007.04.07"]
[Round "6.6"]
[White "Dias, Paulo"]
[Black "Lalic, Bogdan"]
[Result "1/2-1/2"]
[WhiteElo "2413"]
[BlackElo "2519"]
[PlyCount "20"]
[EventDate "2007.04.04"]
[EventType "swiss"]
[EventRounds "9"]
[EventCountry "ESP"]
[Source "lmi"]
[SourceDate "2007.04.04"]

1. e4 c5 2. Nf3 d6 3. d4 cxd4 4. Nxd4 Nf6 5. Nc3 g6 6. f3 Bg7 7. Be3 Nc6 8. Qd2
O-O 9. O-O-O Nxd4 10. Bxd4 Be6 1/2-1/2

[Event "34. Torneo Internacional La Roda"]
[Site "La Roda ESP"]
[Date "2007.04.07"]
[Round "6.11"]
[White "Garcia Moreno, Carlos"]
[Black "Mirzoev, Azer"]
[Result "0-1"]
[WhiteElo "2106"]
[BlackElo "2535"]
[PlyCount "92"]
[EventDate "2007.04.04"]
[EventType "swiss"]
[EventRounds "9"]
[EventCountry "ESP"]
[Source "lmi"]
[SourceDate "2007.04.04"]

1. e4 c5 2. Nf3 e6 3. d4 cxd4 4. Nxd4 a6 5. Bd3 g6 6. Be3 Bg7 7. Nc3 Ne7 8. O-O
O-O 9. Qd2 Nbc6 10. Nb3 d5 11. Bh6 d4 12. Ne2 e5 13. Bxg7 Kxg7 14. c3 dxc3 15.
Qxc3 Qb6 16. Qc5 Qxc5 17. Nxc5 b6 18. Na4 Rb8 19. a3 Rd8 20. Rfd1 Be6 21. Bxa6
Rxd1+ 22. Rxd1 Bb3 23. Nec3 Bxd1 24. Nxd1 Ra8 25. Bb5 Nd4 26. Nac3 Nxb5 27.
Nxb5 Rd8 28. Ne3 Rd2 29. b4 f6 30. g3 Ra2 31. Nc4 Nc8 32. Kg2 Kf7 33. Kf3 Ke6
34. Ke3 Rc2 35. Kd3 Rxf2 36. a4 Rxh2 37. Nc7+ Kf7 38. Nd5 Rg2 39. Ncxb6 Rxg3+
40. Kc4 Nd6+ 41. Kc5 Nxe4+ 42. Kc6 h5 43. Nc4 Nc3 44. Nd6+ Kg7 45. Ne7 Rg4 46.
b5 Nxa4 0-1

[Event "34. Torneo Internacional La Roda"]
[Site "La Roda ESP"]
[Date "2007.04.07"]
[Round "6.12"]
[White "Rizouk, Aimen"]
[Black "Vitor, Antonio"]
[Result "1-0"]
[WhiteElo "2484"]
[BlackElo "2367"]
[PlyCount "95"]
[EventDate "2007.04.04"]
[EventType "swiss"]
[EventRounds "9"]
[EventCountry "ESP"]
[Source "lmi"]
[SourceDate "2007.04.04"]

1. e4 g6 2. d4 Bg7 3. Nc3 d6 4. Be3 a6 5. Nf3 Nd7 6. Qd2 h6 7. a4 e6 8. g3 b6
9. Bg2 Bb7 10. Ng1 Ngf6 11. h3 b5 12. d5 exd5 13. exd5 Ne5 14. b3 b4 15. Nge2
a5 16. O-O-O Kf8 17. g4 Ned7 18. Ng3 Nb6 19. Bxb6 cxb6 20. Nce2 Rc8 21. Rhe1
Kg8 22. f4 Kh7 23. g5 hxg5 24. fxg5 Nd7 25. Ne4 Nc5 26. Kb1 Nxe4 27. Bxe4 Kg8
28. Nd4 Rc5 29. Qg2 Rh4 30. Qg3 Rxe4 31. Rxe4 Rxd5 32. h4 Re5 33. Nc6 Qc7 34.
Nxe5 Bxe4 35. Ng4 Bf8 36. Re1 Qc6 37. Qf2 d5 38. Qxf7+ Kxf7 39. Ne5+ Ke6 40.
Nxc6 Bg7 41. Rf1 Kd6 42. Rf7 Bc3 43. Nd8 Ke5 44. Rf6 Kd4 45. h5 gxh5 46. g6 Ke3
47. g7 Bh7 48. Rh6 1-0